LEADER 01147nam a2200241 4500 001 000000354893 003 CaOOAMICUS 005 20230807112625.0 008 230807s1928 gw a 000 u fre r 040 $aSeMil$bita 100 11$aBaedeker, Karl,$c.$0(OLS)http://semarc/name/117991 245 13$aLa Suisse et les parties limitrophes de la Savoie et de l'Italie :$bmanuel du voyageur /$cpar Karl Baedeker. 250 $a30. éd., refondue et mise à jour 264 1$aLeipzig :$bKarl Baedeker,$c1928. 300 $aLVI, 632 p., [99] carte di tav., anche ripieg. :$bcarte geogr., carte topogr. ;$c16 cm 490 1 $aGuides Baedeker 650 4$aSvizzera - Guide.$0(OLS)http://semarc/subject/16121 830 0$aGuides Baedeker.$0(OLS)http://semarc/title/445014 850 $aSeMil 852 $aSeMil$W1$xVenegono$y1$m4Y II 27 FA$j242909$B246182$CSeMilBibl$Z2$F246182 $8I 996 $6245$aLa Suisse et les parties limitrophes de la Savoie et de l'Italie :$bmanuel du voyageur$9(OLS)http://semarc/title/445064 996 $6264$aLeipzig :$bKarl Baedeker$9(OLS)http://semarc/publisher/61140 LEADER 00801nam a2200229 i 4500 001 000000037143 003 CaOOAMICUS 005 20140910000000.0 008 140910s1970 it u000 u ita u 013 $a7367 040 $aSeMil$bita 100 1 $aNolli, Gianfranco.$0(OLS)http://semarc/name/14502 245 10$aLessico biblico /$cGianfranco Nolli. 260 $aRoma :$bStudium,$ccopyr. 1970. 300 $a1161 p. ;$c23 cm. 500 $aDedica sul front. 650 4$aBibbia - Lessico.$0(OLS)http://semarc/subject/4584 850 $aSeMil 852 $aSeMil$W1$xVenegono$y1$m2VV III 12$j269910$B3298$CSeMilBibl$Z2$F3298 $81 961 $aOmaggio: Donazione 996 $6245$aLessico biblico$9(OLS)http://semarc/title/51852 996 $6260$aRoma :$bStudium$9(OLS)http://semarc/publisher/29617